000 00747nam a2200229Ia 4500
003 OSt
005 20220925204356.0
006 a|||||r|||| 00| 0
007 ta
008 220923b |||||||| |||| 00| 0 eng d
020 _a9789211130003
037 _cGeneral Book
040 _aRTL
_cRTL
_beng
041 _2eng
_aeng
082 _aX:54.1, R0/UN
100 _aUNITED NATIONS CONFERENCE ON TRADE AND DEVELOPMENT
_922210
245 0 _aImpact of the COVID-19
_b Pandemic on trade and development Transitioning to a new normal
260 _aGeneva
_bUnited Nations
_c2020
300 _a115p
_ccm.
942 _hX:54.1, R0/UN
_cGB
_2CC
999 _c549244
_d549244